| 000 | 00967nas a2200313 4500 | ||
|---|---|---|---|
| 001 | BR2012008649 | ||
| 003 | BR-BrBNA | ||
| 005 | 20231205121421.0 | ||
| 007 | ta | ||
| 008 | 230509b bl.|||p| |||| 00| 00por d | ||
| 040 |
_aBR-BrBNA _bpor _cBiblioteca Nacional de Agricultura |
||
| 041 | _a(Pt) | ||
| 072 | _aH20 | ||
| 100 | 1 | _aCruz, T.V. da | |
| 100 | 1 | _aPeixoto, C.P. | |
| 100 | 1 | _aMartins, M.C. | |
| 100 | 1 | _aLaranjeira, F.F. | |
| 100 | 1 | _aLopes, P.V.L. | |
| 100 | 1 | _aAndrade, N.S. | |
| 100 | 1 | _aLedo, C.A. da S. | |
| 245 | 1 | _aPerdas causadas pela ferrugem-asiática em cultivares de soja semeadas em diferentes épocas no Oeste da Bahia | |
| 650 | _aSOJA | ||
| 650 | _aDOENÇA FÚNGICA | ||
| 650 | _aÉPOCA DE SEMEADURA | ||
| 650 | _aPERDA DA PRODUÇÃO | ||
| 773 | 0 |
_tTropical Plant Pathology (Brazil) _xISSN 1982-5676 _g(Jul-Aug 2012), v. 37(4) p. 255-265 _wBR2012008649 |
|
| 909 |
_a202311 _bLúcia _c55 _dLúcia Elande |
||
| 942 |
_2AGRIS _n0 _cANA |
||
| 999 |
_c223463 _d223463 |
||